Distribuovaný systém na zvýšenie bezpečnosti heterogénnej počítačovej siete
Saved in:
| Main Author: | |
|---|---|
| Other Authors: | |
| Format: | Manuscript Book |
| Language: | Slovak |
| Published: |
Bratislava :
STU v Bratislave FEI,
2002
|
| Subjects: | |
| Tags: |
No Tags, Be the first to tag this record!
|
MARC
| LEADER | 00000ntm a22000003a 4500 | ||
|---|---|---|---|
| 001 | stu76348 | ||
| 005 | 20170503130929.3 | ||
| 008 | 020628s2002------------------------slo-d | ||
| 040 | |a STU |b slo | ||
| 041 | 0 | |a slo | |
| 100 | 1 | |a Pikula, Milan |4 aut | |
| 245 | 1 | |a Distribuovaný systém na zvýšenie bezpečnosti heterogénnej počítačovej siete | |
| 260 | |a Bratislava : |b STU v Bratislave FEI, |c 2002 | ||
| 300 | |a 65 s |c príl. | ||
| 650 | 7 | |a informatika |2 stusub | |
| 700 | 1 | |a Steinmüller, Branislav |4 ths |u E220 |U FEI Fakulta elektrotechniky a informatiky |T FEI Katedra informatiky a výpočtovej techniky |X 1920 |U E220 |Y 69 |7 1920 | |
| 996 | |b IDP16/02 |c I*DP16/02 |l II680 |s A |a 24 |w stu76348_0001 | ||